| 000 | 00789nam a2200277 a 4500 | ||
|---|---|---|---|
| 001 | 000009012 | ||
| 003 | DO-SdBNP | ||
| 005 | 20220615131339.0 | ||
| 008 | 880418s1987 sp 001 0 spa | ||
| 010 | _a 88132160 | ||
| 020 | _a8432044091 | ||
| 040 |
_aDO-SdBNP _cspa _dBNPHU |
||
| 049 | _aBNGR | ||
| 082 | 4 |
_a864.64 _bF362i _222 |
|
| 100 | 2 |
_aFernán Gómez, Fernando. _923638 |
|
| 245 | 1 | 0 |
_aImpresiones y depresiones / _cFernando Fernán-Gómez. |
| 260 |
_aBarcelona, España : _bPlaneta, _c1987. |
||
| 300 |
_a197 p. ; _c21 cm. |
||
| 490 | 1 |
_aDocumento _v227 |
|
| 500 | _aIncludes index. | ||
| 650 | 4 |
_aEnsayos españoles _93095 |
|
| 650 | 4 |
_aLiteratura española _9632 |
|
| 830 | 0 |
_aDocumento ; _v227 _912974 |
|
| 910 | _aCatalogación por copia / LC | ||
| 942 |
_2ddc _cLBS1 |
||
| 999 |
_c8776 _d8776 |
||